[Event "Stuttgarter Stadtmeisterschaft"]
[Site "Ditzingen"]
[Date "2008.05.02"]
[Round "4.31"]
[White "Hartmann, Christian"]
[Black "Ellinger, Harald"]
[Result "1-0"]
[WhiteElo "1543"]
[BlackElo "1854"]
[PlyCount "151"]
[EventDate "2008.05.??"]
[EventType "swiss"]
[EventRounds "7"]
[EventCountry "GER"]

1. d4 d5 2. Bf4 e6 3. e3 Nf6 4. Bd3 Bd6 5. Ne2 O-O 6. Nd2 Bxf4 7. Nxf4 Nbd7 8.
Nf3 c5 9. c3 Qc7 10. Rc1 e5 11. dxe5 Nxe5 12. Bb1 Nxf3+ 13. gxf3 Be6 14. h4
Rad8 15. h5 Rfe8 16. Nxe6 Rxe6 17. Qa4 Qb6 18. Qc2 Qd6 19. Rd1 Qc7 20. Kf1 b6
21. Qd3 Red6 22. Qf5 Qd7 23. Qc2 h6 24. Kg2 Kf8 25. Rdg1 Qe6 26. Rh3 d4 27.
cxd4 cxd4 28. e4 d3 29. Qd2 Qe5 30. Rgh1 Rd4 31. a3 Qa5 32. Rd1 Qxd2 33. Rxd2
Ke7 34. Rh1 Ne8 35. Re1 Nf6 36. Rh1 Ke6 37. Kg3 Ke5 38. Rh4 Ke6 39. Rh1 Ke7 40.
Kf4 Nd5+ 41. Ke5 Nc7 42. Kf4 Ne6+ 43. Ke3 Nc5 44. b4 Nb3 45. Rxd3 Rxd3+ 46.
Bxd3 Nd4 47. Rc1 Nxf3 48. Rc7+ Kf6 49. Rxa7 Ne5 50. Be2 Rd6 51. b5 g5 52. hxg6
Nxg6 53. f4 Rd8 54. Rb7 Rh8 55. Rxb6+ Kg7 56. Bh5 Rc8 57. f5 Ne5 58. Kd4 Nd7
59. Rd6 Nf6 60. Bf3 Ra8 61. e5 Ra4+ 62. Kc5 Ne4+ 63. Bxe4 Rxe4 64. Kd5 Re3 65.
a4 h5 66. e6 Rd3+ 67. Kc6 Rc3+ 68. Kd7 fxe6 69. fxe6 Re3 70. e7 Kf7 71. b6
Rxe7+ 72. Kc6 h4 73. b7 Re8 74. Kc7 Re7+ 75. Rd7 h3 76. b8=Q 1-0

[Event "Stuttgarter Stadtmeisterschaft"]
[Site "Ditzingen"]
[Date "2008.05.02"]
[Round "4.32"]
[White "Schäfer-Siebert, Carsten"]
[Black "Baumeister, Jürgen"]
[Result "1/2-1/2"]
[WhiteElo "1565"]
[BlackElo "1834"]
[PlyCount "29"]
[EventDate "2008.05.??"]
[EventType "swiss"]
[EventRounds "7"]
[EventCountry "GER"]

1. f4 e5 2. fxe5 Nc6 3. Nf3 d6 4. exd6 Bxd6 5. d4 Bg4 6. e3 Qe7 7. Bb5 O-O-O 8.
Bxc6 bxc6 9. O-O Nf6 10. c4 c5 11. d5 g5 12. Qa4 Kb8 13. Qb5+ Ka8 14. Qc6+ Kb8
15. Qb5+ 1/2-1/2

[Event "Stuttgarter Stadtmeisterschaft"]
[Site "Ditzingen"]
[Date "2008.05.02"]
[Round "4.33"]
[White "Giugno, Carmelo"]
[Black "Drapchin, Marc"]
[Result "1/2-1/2"]
[WhiteElo "1503"]
[BlackElo "1814"]
[PlyCount "120"]
[EventDate "2008.05.??"]
[EventType "swiss"]
[EventRounds "7"]
[EventCountry "GER"]

1. d4 Nf6 2. c4 e5 3. e3 e4 4. Nc3 Bb4 5. Bd2 Qe7 6. a3 Bxc3 7. Bxc3 d6 8. Qa4+
Bd7 9. Qb3 b6 10. h3 O-O 11. Ne2 Qe8 12. a4 Nc6 13. Ng3 g6 14. Be2 Qd8 15. f4
Re8 16. d5 Na5 17. Qc2 c5 18. b3 Kf8 19. Qb2 Kg7 20. h4 h5 21. f5 Bxf5 22.
Nxf5+ gxf5 23. Bxh5 Rh8 24. g4 fxg4 25. Bxg4 Rh6 26. Bf5 Kf8 27. Kd2 Ke7 28.
Raf1 Qh8 29. Kc1 Rg8 30. Bxe4 Rg4 31. Bd3 Qg7 32. h5 Qg5 33. Bxf6+ Rxf6 34.
Qxf6+ Qxf6 35. Rxf6 Kxf6 36. Rf1+ Kg7 37. Bc2 Rg3 38. Kd2 Rg2+ 39. Kd3 Nb7 40.
Rh1 Kh6 41. Bd1 Nd8 42. Rf1 Kg5 43. Rh1 Kh6 44. Bf3 Rg3 45. Ke2 f5 46. Kf2 Rg5
47. Re1 Nf7 48. e4 Ne5 49. Re3 f4 50. Rc3 Rg3 51. Ke2 Ng4 52. Rd3 Ne3 53. e5
dxe5 54. d6 Ng4 55. Kf1 e4 56. d7 exf3 57. Rd6+ Kxh5 58. Rd5+ Kh6 59. Rd6+ Kh5
60. d8=Q Nf6 1/2-1/2

[Event "Stuttgarter Stadtmeisterschaft"]
[Site "Ditzingen"]
[Date "2008.05.02"]
[Round "4.34"]
[White "Schnorr, Elke"]
[Black "Riepert, Steffen"]
[Result "1-0"]
[WhiteElo "1739"]
[BlackElo "1579"]
[PlyCount "107"]
[EventDate "2008.05.??"]
[EventType "swiss"]
[EventRounds "7"]
[EventCountry "GER"]

1. d4 Nf6 2. Nf3 e6 3. e3 d5 4. Bd3 c5 5. c3 Nc6 6. Nbd2 b6 7. O-O Bd6 8. Re1
O-O 9. dxc5 bxc5 10. e4 dxe4 11. Nxe4 Be7 12. Be3 Nd5 13. Bxc5 Bxc5 14. Nxc5
Qe7 15. Ne4 Nf4 16. Qc2 h6 17. Rad1 Nxd3 18. Rxd3 Ba6 19. Rd6 Bb7 20. Red1 Rfd8
21. Rxd8+ Rxd8 22. Rxd8+ Nxd8 23. Qd3 Bc6 24. Ne5 Bb7 25. Qd6 Kf8 26. Qxe7+
Kxe7 27. f3 f6 28. Nd3 Nc6 29. b4 Ba6 30. Ndc5 Bc4 31. a4 f5 32. Nd2 Ba2 33.
Ncb3 e5 34. b5 Nb8 35. c4 Kd6 36. Nc1 Bxc4 37. Nxc4+ Kd5 38. Ne3+ Ke6 39. Nd3
g6 40. g4 Nd7 41. h3 e4 42. fxe4 fxe4 43. Nf4+ Kf6 44. Nfd5+ Ke6 45. a5 Kd6 46.
b6 axb6 47. Nxb6 Nc5 48. Nbc4+ Ke6 49. Kf2 g5 50. Nf5 Kd5 51. Nce3+ Ke5 52.
Nxh6 Nd3+ 53. Kf1 Kd6 54. Nf7+ 1-0

[Event "Stuttgarter Stadtmeisterschaft"]
[Site "Ditzingen"]
[Date "2008.05.02"]
[Round "4.35"]
[White "Pillath, Marcus"]
[Black "Ruff, Robert"]
[Result "0-1"]
[WhiteElo "1738"]
[BlackElo "1566"]
[PlyCount "56"]
[EventDate "2008.05.??"]
[EventType "swiss"]
[EventRounds "7"]
[EventCountry "GER"]

1. d4 d5 2. Nf3 Nf6 3. Bf4 e6 4. Nbd2 c5 5. e3 Nc6 6. c3 Bd7 7. Be2 Rc8 8. Rc1
Qb6 9. Qb3 Nh5 10. Qxb6 axb6 11. Be5 f6 12. Bg3 Nxg3 13. hxg3 Bd6 14. a3 Ke7
15. O-O Rcg8 16. dxc5 bxc5 17. e4 g5 18. exd5 exd5 19. Rfe1 Kd8 20. Bd3 h5 21.
Nh2 Ne5 22. Bf1 c4 23. Ndf3 Ng4 24. Nxg4 hxg4 25. Nd4 Rh7 26. Re3 Rgh8 27. f4
gxf4 28. gxf4 Bxf4 0-1

[Event "Stuttgarter Stadtmeisterschaft"]
[Site "Ditzingen"]
[Date "2008.05.02"]
[Round "4.36"]
[White "Funk, Patrick"]
[Black "Schmitz, Harald"]
[Result "1-0"]
[WhiteElo "1723"]
[BlackElo "1559"]
[PlyCount "73"]
[EventDate "2008.05.??"]
[EventType "swiss"]
[EventRounds "7"]
[EventCountry "GER"]

1. c4 e5 2. Nc3 Nf6 3. g3 Be7 4. Bg2 O-O 5. Nf3 d6 6. O-O Nc6 7. d4 exd4 8.
Nxd4 Ne5 9. b3 c6 10. Bb2 Be6 11. Nxe6 fxe6 12. e4 Nf7 13. Qd2 e5 14. Rad1 Qc7
15. Kh1 Rad8 16. Ne2 h6 17. f4 Nh7 18. Qe3 b6 19. Ng1 Bf6 20. Ba3 Rfe8 21. Nh3
c5 22. Bc1 Nf8 23. Ng1 Nh7 24. Ne2 g5 25. Qf2 Rf8 26. Nc3 Bg7 27. Nd5 Qd7 28.
h4 exf4 29. gxf4 Bd4 30. Qg3 g4 31. h5 Kh8 32. Rxd4 cxd4 33. Bb2 Rfe8 34. Bxd4+
Kg8 35. Bh3 Nfg5 36. fxg5 Nxg5 37. Nf6+ 1-0

[Event "Stuttgarter Stadtmeisterschaft"]
[Site "Ditzingen"]
[Date "2008.05.02"]
[Round "4.37"]
[White "Wolff, Sidney Robert"]
[Black "Carlacci, Umberto"]
[Result "1/2-1/2"]
[WhiteElo "1715"]
[BlackElo "1551"]
[PlyCount "101"]
[EventDate "2008.05.??"]
[EventType "swiss"]
[EventRounds "7"]
[EventCountry "GER"]

1. f4 d5 2. Nf3 Nf6 3. e3 Bg4 4. b3 e6 5. Bb2 Bd6 6. Bd3 Qe7 7. O-O Nbd7 8. Nc3
e5 9. fxe5 Nxe5 10. Be2 c6 11. Nd4 Bxe2 12. Ncxe2 g6 13. Nf4 O-O-O 14. Nf3 Rhf8
15. a4 Kb8 16. Qe1 Ne4 17. d3 Ng5 18. Nxe5 Bxe5 19. Bxe5+ Qxe5 20. Qg3 Ka8 21.
Rae1 Rde8 22. Kh1 h5 23. h3 Qe7 24. Kh2 h4 25. Qf2 Nh7 26. e4 dxe4 27. Rxe4 Qf6
28. Qe1 Rxe4 29. Qxe4 Ng5 30. Qe1 Qd8 31. Kh1 Nh7 32. Qd2 g5 33. Ne2 Qe7 34.
Nd4 Qd8 35. Nf5 f6 36. Qb4 Rf7 37. Re1 Rd7 38. Qe4 a6 39. Qf3 Rd5 40. Nh6 Qf8
41. Nf5 Qd8 42. Ng7 Re5 43. Rxe5 fxe5 44. Qf5 Qf8 45. Qxe5 Qf2 46. Ne6 Nf6 47.
Nxg5 Nd7 48. Qe4 Qf1+ 49. Kh2 Qc1 50. Qe2 Qf4+ 51. Kh1 1/2-1/2

[Event "Stuttgarter Stadtmeisterschaft"]
[Site "Ditzingen"]
[Date "2008.05.02"]
[Round "4.38"]
[White "Florio, Antonio"]
[Black "Haubensak, Harald"]
[Result "1/2-1/2"]
[WhiteElo "1750"]
[BlackElo "1675"]
[PlyCount "54"]
[EventDate "2008.05.??"]
[EventType "swiss"]
[EventRounds "7"]
[EventCountry "GER"]

1. d4 f5 2. c4 Nf6 3. Nf3 e6 4. g3 Be7 5. Bg2 O-O 6. O-O d6 7. Nc3 c6 8. Qc2 d5
9. b3 Nbd7 10. Ng5 Nb8 11. Nf3 Na6 12. a3 Qe8 13. c5 Qh5 14. b4 Ne4 15. Nxe4
fxe4 16. Ne5 Bf6 17. f4 Bxe5 18. dxe5 Bd7 19. Qd1 Qf5 20. Be3 Nc7 21. Qc2 Be8
22. h3 h5 23. a4 Qg6 24. Kh2 Qf7 25. Rad1 Qe7 26. Qd2 g6 27. Rg1 Qh7 1/2-1/2

[Event "Stuttgarter Stadtmeisterschaft"]
[Site "Ditzingen"]
[Date "2008.05.02"]
[Round "4.40"]
[White "Trobonjaca, Milos"]
[Black "von Borstel, Andreas"]
[Result "0-1"]
[WhiteElo "1687"]
[BlackElo "1496"]
[PlyCount "109"]
[EventDate "2008.05.??"]
[EventType "swiss"]
[EventRounds "7"]
[EventCountry "GER"]

1. c4 e5 2. e4 Nf6 3. d3 Nc6 4. Nf3 Bc5 5. Be2 d6 6. Nc3 Bg4 7. O-O Bxf3 8.
Bxf3 Nd4 9. Bg5 h6 10. Be3 O-O 11. a3 a6 12. b4 Ba7 13. Be2 Re8 14. Nd5 c6 15.
Nxf6+ Qxf6 16. Rc1 c5 17. Bxd4 cxd4 18. a4 Rac8 19. Bg4 Rc7 20. Ra1 Qg5 21. b5
a5 22. Rb1 Bc5 23. Bf3 b6 24. Kh1 g6 25. g3 f5 26. exf5 gxf5 27. Bd5+ Kh8 28.
f4 Qg6 29. Bf3 Rf8 30. fxe5 dxe5 31. Qe2 Re7 32. Be4 Kg7 33. Bg2 e4 34. dxe4
fxe4 35. Rxf8 Kxf8 36. Re1 e3 37. Bd5 Re5 38. Rf1+ Ke7 39. Qf3 Kd8 40. Bf7 Qe4
41. Bd5 Qxf3+ 42. Bxf3 d3 43. Rd1 d2 44. Be2 Rf5 45. Bg4 Rf2 46. h3 Kc7 47. Kg1
e2 48. Bxe2 Rxe2+ 49. Kf1 Rf2+ 50. Kg1 Rf6+ 51. Kg2 Bb4 52. g4 Re6 53. Rf1 Re1
54. Rf7+ Kd8 55. Rf5 0-1

[Event "Stuttgarter Stadtmeisterschaft"]
[Site "Ditzingen"]
[Date "2008.05.02"]
[Round "4.41"]
[White "Holschke, Christian"]
[Black "Awiszus, Thomas"]
[Result "1-0"]
[WhiteElo "1661"]
[BlackElo "1475"]
[PlyCount "51"]
[EventDate "2008.05.??"]
[EventType "swiss"]
[EventRounds "7"]
[EventCountry "GER"]

1. e4 d5 2. exd5 Qxd5 3. Nc3 Qa5 4. Nf3 Bg4 5. h3 Bh5 6. Be2 Nf6 7. b4 Qb6 8.
O-O e6 9. b5 c6 10. a4 Be7 11. Ne5 Bxe2 12. Qxe2 O-O 13. d3 Nfd7 14. Nc4 Qc7
15. Re1 Bf6 16. Bb2 Nb6 17. Ne3 Nd5 18. Ncxd5 cxd5 19. Bxf6 gxf6 20. Ng4 Qe7
21. Qf3 Qd8 22. Nxf6+ Kh8 23. Re5 Nd7 24. Nxd7 Qxd7 25. Qf6+ Kg8 26. Rg5# 1-0

[Event "Stuttgarter Stadtmeisterschaft"]
[Site "Ditzingen"]
[Date "2008.05.02"]
[Round "4.42"]
[White "Novak, Josua"]
[Black "Matic, Marijo"]
[Result "1-0"]
[WhiteElo "1653"]
[BlackElo "1462"]
[PlyCount "69"]
[EventDate "2008.05.??"]
[EventType "swiss"]
[EventRounds "7"]
[EventCountry "GER"]

1. e4 c5 2. Nf3 e6 3. d4 cxd4 4. Nxd4 Nc6 5. Nc3 g6 6. Ndb5 d6 7. Bf4 e5 8. Bg5
f6 9. Nd5 fxg5 10. Nbc7+ Kf7 11. Nxa8 Nf6 12. Nac7 Nd4 13. Bc4 Nxd5 14. Nxd5
Be6 15. c3 Nc6 16. Qf3+ Kg7 17. O-O-O g4 18. Qd3 Kf7 19. Ne3 Qe7 20. Bxe6+ Qxe6
21. Qd5 h5 22. Kc2 Be7 23. h3 gxh3 24. Rxh3 Rc8 25. Qxe6+ Kxe6 26. Nd5 Bd8 27.
f4 Kd7 28. Rg3 g5 29. fxg5 Nd4+ 30. Rxd4 exd4 31. g6 dxc3 32. g7 cxb2+ 33. Kxb2
Bb6 34. Nxb6+ axb6 35. g8=Q 1-0

[Event "Stuttgarter Stadtmeisterschaft"]
[Site "Ditzingen"]
[Date "2008.05.02"]
[Round "4.43"]
[White "Pocrnic, Josip"]
[Black "Grözinger, Werner"]
[Result "1-0"]
[WhiteElo "1643"]
[BlackElo "1451"]
[PlyCount "85"]
[EventDate "2008.05.??"]
[EventType "swiss"]
[EventRounds "7"]
[EventCountry "GER"]

1. e4 e6 2. d4 c6 3. Bd3 g6 4. Nf3 Bg7 5. c3 d5 6. O-O dxe4 7. Bxe4 Nf6 8. Bg5
Qa5 9. Nbd2 O-O 10. Bd3 Nbd7 11. Nb3 Qc7 12. Qd2 b6 13. Rfe1 Bb7 14. Bf4 Qc8
15. Qe2 Nd5 16. Bg3 a5 17. Rac1 Bh6 18. Rcd1 a4 19. Nbd2 Nf4 20. Bxf4 Bxf4 21.
Be4 Nf6 22. g3 Bh6 23. Bd3 Rd8 24. Ne5 Ba6 25. Bxa6 Qxa6 26. Qxa6 Rxa6 27. Nxc6
Rd6 28. Nb4 Ra5 29. Nc4 Rad5 30. Nxd5 Rxd5 31. Nxb6 Ra5 32. Re2 Ra6 33. Nc4 Nd5
34. Ne5 a3 35. c4 Nb4 36. b3 Rd6 37. c5 Rd5 38. Nc4 Nc6 39. Nxa3 Nxd4 40. Kf1
Nxe2 41. Rxd5 Nxg3+ 42. hxg3 exd5 43. c6 1-0

[Event "Stuttgarter Stadtmeisterschaft"]
[Site "Ditzingen"]
[Date "2008.05.02"]
[Round "4.44"]
[White "Krebs, Thomas"]
[Black "Sigmund, Wolfgang"]
[Result "1-0"]
[WhiteElo "1630"]
[BlackElo "1436"]
[PlyCount "113"]
[EventDate "2008.05.??"]
[EventType "swiss"]
[EventRounds "7"]
[EventCountry "GER"]

1. e4 e5 2. Nf3 Nc6 3. Bb5 a6 4. Ba4 Nf6 5. O-O Be7 6. Re1 b5 7. Bb3 O-O 8. c3
d6 9. h3 Nb8 10. d4 Nbd7 11. a4 Bb7 12. Nbd2 c6 13. Bc2 Re8 14. Nf1 Bf8 15. Ng3
g6 16. Be3 Bg7 17. Qe2 Qc7 18. Qd2 d5 19. dxe5 Nxe4 20. Nxe4 dxe4 21. Bxe4 Nxe5
22. Nxe5 Bxe5 23. Bf3 Rad8 24. Qc2 Bc8 25. a5 c5 26. Qc1 Bf5 27. Rd1 Rxd1+ 28.
Bxd1 Qd6 29. Bf3 c4 30. Qd1 Bd3 31. Kh1 f5 32. Bg5 Bf6 33. Qd2 Bxg5 34. Qxg5
Kg7 35. Qd2 Qc7 36. Re1 Qd7 37. Re3 Kf7 38. Rxe8 Kxe8 39. Qe3+ Be4 40. Bxe4
Qd1+ 41. Kh2 Qd6+ 42. g3 fxe4 43. Qxe4+ Kd7 44. Qb7+ Kd8 45. Qxh7 Qd2 46. Qg8+
Ke7 47. Qg7+ Kd8 48. Qf8+ Kd7 49. Qf7+ Kd8 50. Qf6+ Kd7 51. Kg2 Qxb2 52. Qxa6
Qxc3 53. Qxb5+ Kc7 54. Qb6+ Kc8 55. a6 Qd3 56. Qb7+ Kd8 57. a7 1-0

[Event "Stuttgarter Stadtmeisterschaft"]
[Site "Ditzingen"]
[Date "2008.05.02"]
[Round "4.45"]
[White "Möller, Albrecht"]
[Black "Wendland, Tobias"]
[Result "1-0"]
[WhiteElo "1629"]
[BlackElo "1423"]
[PlyCount "63"]
[EventDate "2008.05.??"]
[EventType "swiss"]
[EventRounds "7"]
[EventCountry "GER"]

1. e4 e6 2. b3 d5 3. Bb2 Nf6 4. e5 Nfd7 5. f4 Be7 6. Nf3 f6 7. exf6 Nxf6 8. g3
O-O 9. Bg2 c5 10. O-O Nc6 11. h3 Qb6 12. Kh2 Bd6 13. d4 Bd7 14. c3 Rac8 15.
Nbd2 Nh5 16. Ne5 Rcd8 17. Qxh5 Rf5 18. Qe2 cxd4 19. Nxc6 Bxc6 20. Qxe6+ Rf7 21.
cxd4 Bb4 22. Rf2 Re8 23. Qg4 Re6 24. Qxe6 Bd7 25. Qe2 Qh6 26. Nf3 Rf5 27. a3
Bd6 28. Ne5 Bxe5 29. fxe5 Rh5 30. Qf1 g5 31. Rf6 Qg7 32. Bxd5+ 1-0

[Event "Stuttgarter Stadtmeisterschaft"]
[Site "Ditzingen"]
[Date "2008.05.02"]
[Round "4.46"]
[White "Wolf, Adam"]
[Black "Schäfer-Siebert, Heiko"]
[Result "1/2-1/2"]
[WhiteElo "1398"]
[BlackElo "1598"]
[PlyCount "41"]
[EventDate "2008.05.??"]
[EventType "swiss"]
[EventRounds "7"]
[EventCountry "GER"]

1. c4 Nf6 2. g3 e6 3. Bg2 Nc6 4. Nf3 Be7 5. Nc3 O-O 6. O-O Re8 7. d3 Rb8 8. a3
a5 9. Rb1 b6 10. Bd2 Bf8 11. Nb5 Ba6 12. Nbd4 Nxd4 13. Nxd4 Bc5 14. Bc3 Bxd4
15. Bxd4 Bb7 16. b4 Bxg2 17. Kxg2 axb4 18. axb4 Ra8 19. Ra1 h6 20. f4 d5 21. c5
1/2-1/2

[Event "Stuttgarter Stadtmeisterschaft"]
[Site "Ditzingen"]
[Date "2008.05.02"]
[Round "4.47"]
[White "Brosig, Michael"]
[Black "Lörincz, Peter"]
[Result "0-1"]
[WhiteElo "1504"]
[BlackElo "1630"]
[PlyCount "40"]
[EventDate "2008.05.??"]
[EventType "swiss"]
[EventRounds "7"]
[EventCountry "GER"]

1. c4 e5 2. Nc3 Nf6 3. Nf3 Nc6 4. g3 Bc5 5. Bg2 O-O 6. O-O a6 7. d3 Ng4 8. Ne4
Be7 9. Bd2 d6 10. Bc3 f5 11. Ned2 f4 12. d4 fxg3 13. hxg3 Qe8 14. d5 Nd8 15. e4
Qh5 16. Re1 c5 17. dxc6 Nxc6 18. Nf1 Be6 19. Ne3 Rxf3 20. Bxf3 Qh2+ 0-1

[Event "Stuttgarter Stadtmeisterschaft"]
[Site "Ditzingen"]
[Date "2008.05.02"]
[Round "4.48"]
[White "Srokovskiy, Andrea"]
[Black "Koeller, Horst"]
[Result "0-1"]
[WhiteElo "1604"]
[BlackElo "1599"]
[PlyCount "48"]
[EventDate "2008.05.??"]
[EventType "swiss"]
[EventRounds "7"]
[EventCountry "GER"]

1. e4 c5 2. Nf3 e6 3. Nc3 d5 4. Bb5+ Nc6 5. exd5 exd5 6. d4 c4 7. Ne5 Nge7 8.
Qe2 Be6 9. Bf4 a6 10. Bxc6+ Nxc6 11. Nxc6 bxc6 12. O-O Be7 13. Qf3 O-O 14. Qg3
Bh4 15. Qf3 Qf6 16. Qe3 Qg6 17. Rfc1 Bf5 18. Qe2 Bf6 19. Be3 h5 20. Na4 Rfe8
21. Qd2 Bh3 22. f3 Rxe3 23. Kh1 Rae8 24. gxh3 Re2 0-1

[Event "Stuttgarter Stadtmeisterschaft"]
[Site "Ditzingen"]
[Date "2008.05.02"]
[Round "4.49"]
[White "König, Torsten"]
[Black "Aleman, Tilman"]
[Result "0-1"]
[WhiteElo "1746"]
[BlackElo "1351"]
[PlyCount "130"]
[EventDate "2008.05.??"]
[EventType "swiss"]
[EventRounds "7"]
[EventCountry "GER"]

1. e4 e6 2. Nf3 d5 3. e5 c5 4. b4 cxb4 5. a3 Nc6 6. axb4 Bxb4 7. c3 Ba5 8. d4
Nge7 9. Bd3 a6 10. O-O b5 11. Ng5 h6 12. Qh5 g6 13. Qh3 Nf5 14. Nf3 b4 15. Bg5
Qb6 16. g4 Nfe7 17. Bf6 Rg8 18. Qxh6 bxc3 19. Qh7 Bb7 20. Ng5 Rf8 21. Bg7 Rg8
22. Bh6 Qxd4 23. Qxf7+ Kd7 24. Qxe6+ Kc7 25. Rxa5 Qxd3 26. Qd6+ Kb6 27. Qc5+
Kc7 28. Nxc3 Qc4 29. Qd6+ Kc8 30. Rc5 Qxg4+ 31. Kh1 Qd7 32. Qf6 Kb8 33. Rb1 Ka7
34. Ne6 d4 35. Ne4 Rab8 36. Nd6 Nd8+ 37. Nxb7 Nxe6 38. Rcc1 Rxb7 39. Rxb7+ Kxb7
40. Rb1+ Kc6 41. Bg5 Nd5 42. Qf3 Nxg5 43. Qb3 Qe6 44. Qc4+ Kd7 45. Rb7+ Ke8 46.
Qxd4 Nf3 47. Qa7 Ne7 48. Qe3 Nxe5 49. Rb6 Qd5+ 50. f3 Nxf3 51. Qf2 Rf8 52. Rb8+
Kf7 53. Rxf8+ Kxf8 54. Kg2 Qd2 55. Kxf3 Qxf2+ 56. Kxf2 Ke8 57. Ke3 Kd7 58. Kd4
Kc6 59. Kc4 a5 60. Kb3 Kd5 61. Ka4 Ke4 62. Kxa5 Kf3 63. Kb5 g5 64. Kc4 g4 65.
Kd3 Kg2 0-1

[Event "Stuttgarter Stadtmeisterschaft"]
[Site "Ditzingen"]
[Date "2008.05.02"]
[Round "4.50"]
[White "Tessmer, Hans-Peter"]
[Black "Naundorf, Jo-Jan"]
[Result "0-1"]
[WhiteElo "1610"]
[BlackElo "1479"]
[PlyCount "104"]
[EventDate "2008.05.??"]
[EventType "swiss"]
[EventRounds "7"]
[EventCountry "GER"]

1. d4 f5 2. g3 Nf6 3. Bg2 e6 4. Nf3 Be7 5. c4 O-O 6. Nc3 d6 7. O-O Nc6 8. Bg5
h6 9. Be3 Ng4 10. Bf4 Bf6 11. h3 g5 12. Bc1 h5 13. hxg4 hxg4 14. Nxg5 Bxg5 15.
Bxg5 Qxg5 16. Bxc6 bxc6 17. Kg2 Bb7 18. d5 cxd5 19. cxd5 exd5 20. f3 f4 21. Rh1
fxg3 22. Qd4 gxf3+ 23. exf3 Qg7 24. Qxg7+ Kxg7 25. Kxg3 d4 26. Ne4 Bxe4 27.
fxe4 c5 28. Rad1 Rae8 29. Rhe1 Re7 30. b4 Rfe8 31. Kf4 Kf6 32. bxc5 dxc5 33.
Rc1 Re5 34. Rb1 d3 35. Rbd1 c4 36. Re3 Rh8 37. Rc1 Rh4+ 38. Kf3 Rh3+ 39. Kf4
Rxe3 40. Kxe3 Rc5 41. Kd4 Rc8 42. e5+ Ke6 43. Rf1 Ke7 44. Kc3 Rf8 45. Rd1 Rf4
46. Re1 Ke6 47. a3 a6 48. a4 a5 49. Re3 Rd4 50. Kxd4 d2 51. Rd3 cxd3 52. Kxd3
d1=Q+ 0-1

[Event "Stuttgarter Stadtmeisterschaft"]
[Site "Ditzingen"]
[Date "2008.05.02"]
[Round "4.51"]
[White "Parvin, Shahram"]
[Black "Romer, Reinhard"]
[Result "1/2-1/2"]
[WhiteElo "1467"]
[BlackElo "1516"]
[PlyCount "139"]
[EventDate "2008.05.??"]
[EventType "swiss"]
[EventRounds "7"]
[EventCountry "GER"]

1. d4 Nf6 2. Bg5 e6 3. c4 Bb4+ 4. Nc3 h6 5. Bxf6 Qxf6 6. Nf3 c5 7. a3 Bxc3+ 8.
bxc3 Nc6 9. e3 b6 10. Be2 Bb7 11. Rb1 Na5 12. Rg1 d6 13. Nd2 O-O 14. Bf3 d5 15.
cxd5 exd5 16. Nb3 Nxb3 17. Qxb3 c4 18. Qb5 Rad8 19. Qa4 a6 20. Qb4 Rd6 21. Qb2
Re8 22. Qc2 Bc8 23. Rb4 Bf5 24. Qb2 b5 25. Kd2 Bd7 26. Qa1 a5 27. Rbb1 h5 28.
Rbf1 Qh6 29. Qb1 f5 30. Qd1 g6 31. g3 Re7 32. Re1 Be6 33. h4 Rb7 34. Qa1 Kf7
35. Rb1 Qf8 36. Rb2 Rdb6 37. Rgb1 Qe7 38. Bg2 b4 39. axb4 axb4 40. Rxb4 Rxb4
41. Rxb4 Rxb4 42. cxb4 Qxb4+ 43. Qc3 Qa4 44. Qc2 Qa5+ 45. Qc3 Qxc3+ 46. Kxc3
Ke7 47. Kb4 g5 48. Bf3 Bf7 49. Kc3 g4 50. Bg2 Ke6 51. f3 Bg6 52. fxg4 fxg4 53.
Bf1 Be4 54. Be2 Kf5 55. Bd1 Bd3 56. Ba4 Ke4 57. Bc6 Kxe3 58. Bxd5 Kf2 59. Bf7
Kxg3 60. Bxh5 Kxh4 61. Bf7 g3 62. Bd5 Kh3 63. Bf3 g2 64. Bxg2+ Kxg2 65. d5 Bf5
66. Kxc4 Kf3 67. Kd4 Kf4 68. Kc5 Ke5 69. d6 Kf6 70. Kc6 1/2-1/2

[Event "Stuttgarter Stadtmeisterschaft"]
[Site "Ditzingen"]
[Date "2008.05.03"]
[Round "5.1"]
[White "Helfrich, Leo"]
[Black "Schömbs, Oliver"]
[Result "1-0"]
[WhiteElo "1712"]
[BlackElo "1719"]
[PlyCount "121"]
[EventDate "2008.05.??"]
[EventType "swiss"]
[EventRounds "7"]
[EventCountry "GER"]

1. d4 c5 2. d5 e5 3. dxe6 fxe6 4. Nf3 Be7 5. Bf4 d5 6. e3 Nf6 7. Be2 Nbd7 8. c4
Nf8 9. O-O Ng6 10. Be5 Nxe5 11. Nxe5 O-O 12. Qc2 Qd6 13. f4 Bd7 14. Nc3 Bc6 15.
Rad1 Rae8 16. Bf3 Bd8 17. Ne4 Qe7 18. Ng5 Bc7 19. cxd5 exd5 20. Bxd5+ Bxd5 21.
Rxd5 Bxe5 22. Rxe5 Qd7 23. Qc4+ Kh8 24. Qxc5 Rc8 25. Qe7 Qd2 26. Ne6 Rg8 27.
Ng5 h6 28. Nf7+ Kh7 29. Qe6 Rc2 30. Qf5+ g6 31. Qh3 h5 32. Ng5+ Kh8 33. f5 Re8
34. Rxe8+ Nxe8 35. fxg6 Kg7 36. Qf3 Kxg6 37. Qf5+ Kh6 38. Nf7+ Kg7 39. Qg5+ Kf8
40. Nd6+ Nf6 41. Rxf6+ Ke7 42. Rf2+ Kxd6 43. Rxd2+ Rxd2 44. Qf6+ Kd7 45. Qc3
Rd6 46. Kf2 a6 47. a3 b5 48. h3 Re6 49. b4 Ke7 50. g4 hxg4 51. hxg4 Kf7 52. Kf3
Kg6 53. Qc8 Rf6+ 54. Kg3 Kf7 55. g5 Rd6 56. Qc7+ Ke6 57. g6 Rd3 58. Kf4 Rxa3
59. g7 a5 60. g8=Q+ Kf6 61. Qcf7# 1-0

[Event "Stuttgarter Stadtmeisterschaft"]
[Site "Ditzingen"]
[Date "2008.05.03"]
[Round "5.2"]
[White "Kang, Moon-Gu"]
[Black "Straub, Reiner"]
[Result "1-0"]
[WhiteElo "1797"]
[BlackElo "1638"]
[PlyCount "65"]
[EventDate "2008.05.??"]
[EventType "swiss"]
[EventRounds "7"]
[EventCountry "GER"]

1. e4 e5 2. Nf3 Nf6 3. Bc4 Nc6 4. d3 Be7 5. Nc3 d6 6. h3 Be6 7. Bb5 O-O 8. Be3
Nb8 9. d4 exd4 10. Nxd4 c6 11. Be2 Nbd7 12. f4 Nb6 13. b3 Ne8 14. O-O Bd7 15.
Qd2 c5 16. Nf3 Bc6 17. Rad1 Qc7 18. Nd5 Bxd5 19. exd5 Nf6 20. c4 Ne4 21. Qc2
Ng3 22. Rfe1 Nxe2+ 23. Rxe2 Nd7 24. Rde1 Bf6 25. Bc1 a6 26. g4 g6 27. g5 Bg7
28. Bb2 Bxb2 29. Qxb2 Rad8 30. Re7 Qc8 31. Nh2 Rde8 32. Ng4 Rxe7 33. Nh6# 1-0

[Event "Stuttgarter Stadtmeisterschaft"]
[Site "Ditzingen"]
[Date "2008.05.03"]
[Round "5.3"]
[White "Henninger, Jakob"]
[Black "Feller, Florian"]
[Result "1/2-1/2"]
[WhiteElo "1730"]
[BlackElo "1794"]
[PlyCount "52"]
[EventDate "2008.05.??"]
[EventType "swiss"]
[EventRounds "7"]
[EventCountry "GER"]

1. Nf3 c5 2. e4 Nc6 3. d4 cxd4 4. Nxd4 Nf6 5. Nc3 e5 6. Ndb5 d6 7. Bg5 a6 8.
Na3 b5 9. Bxf6 gxf6 10. Nd5 f5 11. c3 Bg7 12. exf5 Bxf5 13. Nc2 O-O 14. Nce3
Be6 15. Bd3 f5 16. O-O Ne7 17. Nxe7+ Qxe7 18. Bxf5 Bc4 19. Nxc4 bxc4 20. Qh5 h6
21. Qg6 Rf6 22. Qg4 d5 23. Rad1 Raf8 24. Bc2 Qc5 25. Qe2 d4 26. Be4 Rf4 1/2-1/2

[Event "Stuttgarter Stadtmeisterschaft"]
[Site "Ditzingen"]
[Date "2008.05.03"]
[Round "5.4"]
[White "Ölke, Erhard"]
[Black "Stadler, Marcus"]
[Result "1-0"]
[WhiteElo "1741"]
[BlackElo "1707"]
[PlyCount "93"]
[EventDate "2008.05.??"]
[EventType "swiss"]
[EventRounds "7"]
[EventCountry "GER"]

1. e4 d6 2. d4 Nf6 3. Nc3 g6 4. Bd3 Bg7 5. Nge2 c5 6. dxc5 dxc5 7. Be3 Nbd7 8.
h3 O-O 9. O-O b6 10. Qc1 Bb7 11. Ng3 Ne5 12. Be2 a6 13. Bh6 Qc7 14. Bxg7 Kxg7
15. f4 Nc6 16. e5 Nd7 17. Nd5 Qc8 18. Ne3 e6 19. c3 Ne7 20. Nc4 Bc6 21. Nd6 Qc7
22. Bf3 Nc8 23. Nge4 Bxe4 24. Nxe4 Ra7 25. Qd2 f6 26. exf6+ Nxf6 27. Ng5 Re8
28. Rfe1 Kh8 29. Nxe6 Qd6 30. Qxd6 Nxd6 31. Ng5 Rae7 32. Rxe7 Rxe7 33. Rd1 Nc4
34. b3 Na5 35. Rd6 Kg7 36. Rxb6 Re1+ 37. Kh2 Ra1 38. Rxa6 Nxb3 39. Ra7+ Kh6 40.
Rf7 Nd2 41. Rxf6 Nf1+ 42. Kg1 Nd2+ 43. Kf2 Rxa2 44. Kg3 Nf1+ 45. Kh4 Ra7 46.
Ne6 Ne3 47. g4 1-0